Effect of fresh and willing cassava leaves with methionine supplementation on growing pigs with basic diet of broken rice and sugar solution, ប្រសិទ្ធភាពស្លឹកដំឡូងមីស្រស់ និងសំដិលដោយបន្ថែមមេត្យូនីនលើការការលូតលាស់របស់ជ្រូកដោយមានចុងអង្ករ និងសូលុយស្យុងស្ករជាចំណីគ្រឹះ (Record no. 2230)
[ view plain ]
| 000 -LEADER | |
|---|---|
| fixed length control field | 00868nam a22001577a 4500 |
| 003 - CONTROL NUMBER IDENTIFIER | |
| control field | OSt |
| 005 - DATE AND TIME OF LATEST TRANSACTION | |
| control field | 20151008150154.0 |
| 008 - FIXED-LENGTH DATA ELEMENTS--GENERAL INFORMATION | |
| fixed length control field | 151008b xxu||||| |||| 00| 0 eng d |
| 040 ## - CATALOGING SOURCE | |
| Transcribing agency | RUA |
| 082 ## - DEWEY DECIMAL CLASSIFICATION NUMBER | |
| Classification number | AVM BUO 2008 B081 Or.1 |
| 100 ## - MAIN ENTRY--PERSONAL NAME | |
| 9 (RLIN) | 2368 |
| Personal name | BOUY, RINNE. |
| 245 ## - TITLE STATEMENT | |
| Title | Effect of fresh and willing cassava leaves with methionine supplementation on growing pigs with basic diet of broken rice and sugar solution, ប្រសិទ្ធភាពស្លឹកដំឡូងមីស្រស់ និងសំដិលដោយបន្ថែមមេត្យូនីនលើការការលូតលាស់របស់ជ្រូកដោយមានចុងអង្ករ និងសូលុយស្យុងស្ករជាចំណីគ្រឹះ |
| 260 ## - PUBLICATION, DISTRIBUTION, ETC. (IMPRINT) | |
| Place of publication, distribution, etc. | Phnom Penh |
| Name of publisher, distributor, etc. | RUA |
| Date of publication, distribution, etc. | 2008 |
| 300 ## - PHYSICAL DESCRIPTION | |
| Extent | 43p. |
| Other physical details | ill. |
| Dimensions | 29cm. |
| 942 ## - ADDED ENTRY ELEMENTS (KOHA) | |
| Source of classification or shelving scheme | |
| Koha item type | AVM |
| Price effective from | Date last seen | Permanent Location | Not for loan | Date acquired | Source of classification or shelving scheme | Koha item type | Lost status | Withdrawn status | Date last checked out | Total Checkouts | Shelving location | Damaged status | Barcode | Current Location | Full call number |
|---|---|---|---|---|---|---|---|---|---|---|---|---|---|---|---|
| 2015-10-08 | 2015-10-08 | Library Block B | 2015-10-08 | AVM | B081 | RUA008613 | Library Block B | AVM BUO 2008 B081 Or.1 | |||||||
| 2015-10-08 | 2017-08-01 | Library Block B | 2015-10-08 | AVM | 2017-02-10 | 1 | B081 | RUA007922 | Library Block B | AVM BUO 2008 B081 Or.2 | |||||
| 2015-10-08 | 2015-10-08 | Library Block B | 2015-10-08 | AVM | B081 | RUA007720 | Library Block B | AVM BUO 2008 B081 Or.3 | |||||||
| 2015-10-08 | 2015-10-08 | Library Block B | 2015-10-08 | AVM | B081 | RUA007923 | Library Block B | AVM BUO 2008 B081 Or.4 | |||||||
| 2015-10-08 | 2015-10-08 | Library Block B | 2015-10-08 | AVM | B081 | RUA007994 | Library Block B | AVM BUO 2008 B081 Or.5 | |||||||
| 2015-10-08 | 2015-10-08 | Library Block B | 2015-10-08 | AVM | B081 | RUA007648 | Library Block B | AVM BUO 2008 B081 Or.6 | |||||||
| 2015-10-08 | 2015-10-08 | Library Block B | 2015-10-08 | AVM | B081 | RUA025259 | Library Block B | AVM BUO 2008 B081 Or.7 | |||||||
| 2015-10-08 | 2015-10-08 | Library Block B | 2015-10-08 | AVM | B081 | RUA025243 | Library Block B | AVM BUO 2008 B081 Or.8 | |||||||
| 2015-10-08 | 2018-06-29 | Library Block B | 2015-10-08 | AVM | 2018-06-25 | 1 | B081 | RUA025244 | Library Block B | AVM BUO 2008 B081 Or.9 | |||||
| 2015-10-08 | 2015-10-08 | Library Block B | 2015-10-08 | AVM | B081 | RUA025387 | Library Block B | AVM BUO 2008 B081 Or.10 |